Allgemeine Volkswirtschaftslehre Grundlagen für die Versicherungswirtschaft

Salvato in:
Dettagli Bibliografici
Autore principale: Mahr, Werner
Altri autori: Eisen, Roland
Natura: Libro
Lingua:tedesco
Pubblicazione: Wiesbaden Gabler 1986
Edizione:3. vollst. überarb. Aufl.
Soggetti:
Tags: Aggiungi Tag
Nessun Tag, puoi essere il primo ad aggiungerne!!

MARC

LEADER 00000nam a2200000 4500
001 c000164
005 20221220073441.4
020 |a 3-409-85479-7 
041 0 |a ger 
044 |a DE 
245 1 0 |a Allgemeine Volkswirtschaftslehre  |b Grundlagen für die Versicherungswirtschaft  |c Werner Mahr, Roland Eisen 
250 |a 3. vollst. überarb. Aufl. 
264 1 |a Wiesbaden  |b Gabler  |c 1986 
300 |a 237 s. 
610 2 0 |a veda ekonomická 
610 2 0 |a hospodárstvo národné 
610 2 0 |a poisťovníctvo 
610 2 0 |a zlato 
610 2 0 |a plán hospodársky 
610 2 0 |a hospodárstvo plánované 
610 2 0 |a mechanizmus trhový 
610 2 0 |a výroba 
610 2 0 |a ceny 
610 2 0 |a trh 
610 2 0 |a peniaze 
100 1 |a Mahr, Werner 
700 1 |a Eisen, Roland